Geography Quiz

Random Geography or State Quiz
Score 0/150 Timer 20:00
0 Plays Today
State County % Correct
CaliforniaLos Angeles
86.8%
CaliforniaOrange
81.3%
WashingtonKing
80.2%
IllinoisCook
79.3%
AlabamaJefferson
79%
KentuckyJefferson
79%
LouisianaJefferson
79%
New YorkQueens
78.3%
New YorkNew York
77.1%
FloridaMiami-Dade
76.9%
ArkansasWashington
76.2%
MissouriJackson
76%
OregonWashington
76%
Rhode IslandWashington
76%
VermontWashington
76%
New YorkKings
75.2%
ColoradoDenver
74.5%
CaliforniaSan Diego
74.1%
AlaskaAnchorage
71.4%
NevadaClark
71.2%
TexasDallas
71%
ArizonaMaricopa
70.5%
HawaiiHonolulu
70.1%
PennsylvaniaPhiladelphia
70%
MarylandMontgomery
67.9%
PennsylvaniaMontgomery
67.7%
GeorgiaFulton
67.4%
MichiganWayne
67.4%
AlabamaMadison
66.7%
TexasHarris
66.7%
IdahoAda
66%
OklahomaOklahoma
64.9%
MissouriSt. Louis
64.6%
South DakotaLincoln
63.5%
UtahSalt Lake
63.5%
WisconsinMilwaukee
63.4%
MassachusettsEssex
62.2%
New JerseyEssex
62.2%
Rhode IslandProvidence
61.8%
MarylandBaltimore
61.5%
OhioCuyahoga
61.5%
ConnecticutHartford
61.3%
IllinoisLake
60.8%
IndianaLake
60.8%
FloridaBroward
60.4%
MassachusettsMiddlesex
59.4%
New JerseyMiddlesex
59.4%
KansasJohnson
59%
HawaiiHawaii
58.7%
MinnesotaHennepin
58.7%
State County % Correct
South CarolinaCharleston
57.6%
OhioFranklin
57.3%
PennsylvaniaAllegheny
57.3%
VirginiaFairfax
56.6%
OklahomaTulsa
55.9%
ConnecticutNew Haven
55.4%
DelawareKent
55.2%
IndianaMarion
55.2%
Rhode IslandKent
55%
IowaPolk
54.9%
DelawareNew Castle
53.6%
North CarolinaMecklenburg
52.8%
DelawareSussex
52.4%
OhioHamilton
51.6%
TexasTarrant
50.9%
HawaiiMaui
50.5%
TennesseeShelby
50%
New JerseyBergen
49%
ArizonaPima
48.8%
FloridaPalm Beach
48.8%
ConnecticutFairfield
48.6%
MarylandPrince George's
47.9%
WyomingLaramie
47.9%
GeorgiaDeKalb
47.7%
AlabamaMobile
47.4%
LouisianaOrleans
46.9%
New MexicoSanta Fe
46.4%
TennesseeDavidson
45.7%
TennesseeKnox
44.8%
North CarolinaWake
44.6%
OregonMultnomah
44.3%
ColoradoEl Paso
44.1%
VirginiaVirginia Beach
44.1%
NebraskaDouglas
42.9%
ArkansasPulaski
42.7%
MichiganOakland
42.5%
WashingtonPierce
42.4%
IllinoisDuPage
42.2%
MassachusettsWorcester
42.2%
New HampshireHillsborough
42.2%
KentuckyFayette
42%
New MexicoBernalillo
41.7%
GeorgiaGwinnett
41%
MinnesotaRamsey
40.6%
ColoradoArapahoe
37.8%
MississippiHarrison
37.2%
NevadaCarson
36.3%
South CarolinaGreenville
36.3%
WisconsinDane
35.9%
MississippiHinds
35.2%
State County % Correct
UtahUtah
35.2%
MontanaYellowstone
35.1%
NevadaWashoe
34.9%
UtahDavis
34.7%
LouisianaEast Baton Rouge
33.9%
OklahomaCleveland
33.9%
MichiganMacomb
33.7%
MaineCumberland
33.2%
MinnesotaDakota
33.2%
ArizonaPinal
32.6%
VirginiaPrince William
32.6%
West VirginiaKanawha
32.5%
MontanaMissoula
32.1%
NebraskaLancaster
30.2%
KansasSedgwick
30%
WashingtonSnohomish
29.7%
WisconsinWaukesha
29.5%
MaineYork
29.2%
IowaScott
28.3%
VermontChittenden
28%
IndianaAllen
27.6%
North CarolinaGuilford
27.6%
North DakotaCase
27.3%
ArkansasBenton
27.1%
South DakotaMinnehaha
26.4%
South CarolinaRichland
25.7%
VermontRutland
25.3%
AlaskaFairbanks North Star
25%
North DakotaGrand Forks
24.3%
IowaLinn
23.8%
New MexicoDona Ana
23.8%
OregonClackamas
23.4%
MainePenobscot
22.7%
NebraskaSarpy
22.6%
New HampshireRockingham
22.2%
KansasShawnee
21.9%
New HampshireMerrimack
21.5%
MississippiDeSoto
20.3%
MissouriSt. Louis City
20.1%
WyomingNatrona
19.3%
IdahoCanyon
19.1%
West VirginiaBerkeley
18.2%
North DakotaBurleigh
17.5%
South DakotaPennington
17.4%
KentuckyKenton
17%
IdahoKootenai
16.7%
West VirginiaCabell
16.3%
AlaskaMatanuska-Susitna
16.1%
WyomingCampbell
15.1%
MontanaGallatin
14.1%
Remove Ads.
Support Sporcle.
Get the best of Sporcle when you Go Orange. This ad-free experience offers more features, more stats, and more fun while also helping to support Sporcle. Thank you for becoming a member.

You're not logged in!

Compare scores with friends on all Sporcle quizzes.
OR
Log In

Show Comments

Extras

Top Quizzes Today


Score Distribution

Your Account Isn't Verified!

In order to create a playlist on Sporcle, you need to verify the email address you used during registration. Go to your Sporcle Settings to finish the process.

Report this User

Report this user for behavior that violates our Community Guidelines.

Details: